000 01654nam a22003254i 4500
001 991061597662706706
003 ES-BaIT
005 20260203124909.0
008 260126e202401 sp o 000 d spa c
017 _aDL M 29602-2023
_bOficina DL Madrid
020 _a9788490414781
040 _aES-BaIT
_bcat
_erda
_cES-BaIT
080 _a860-2"20"
100 1 _aBlanco, Cris
_eautor
_9168306
245 1 0 _aPequeño cúmulo de abismos /
_cCris Blanco
250 _aPrimera edición
264 1 _a[Madrid] :
_bCentro Dramático Nacional,
_cenero 2024
300 _a73 pàgines :
_bfotografies (en color) ;
_c22 cm
336 _atext
_btxt
_2rdacontent
337 _asense mediació
_bn
_2rdamedia
338 _avolum
_bnc
_2rdacarrier
490 1 _3 Centro Dramático Nacional ;
_v28
500 _aP4: D3, H1
520 _a"Siempre he intentado no molestar, pasar desapercibida, hacer poco ruido, camuflar mi hipersensibilidad entre los cientos de niños de mi colegio público. Esto lo quería contar en esta obra. Esto y que me criaron tres mujeres maravillosas que vinieron del pueblo y que con su amor e inocencia rompieron todos los protocolos de la gran ciudad y de las élites y la impostura. Iba a contar todo esto, pero me impidió hacerlo un agujero negro que me encontré en la pared del teatro. Menos mal. Os habéis librado de otra obra autobiográfica de poca monta. Dadle las gracias a David Hasselhoff, a María Guerrero y a Mari Trini." -- Coberta
650 0 _aMetateatre
_vTextos dramàtics
_979599
830 _aCentro Dramático Nacional (Col·lecció)
_9167359
_v28
908 _aCDMAE
940 _aCVA38
942 _2udc
_c1
999 _c137004
_d137004